Algebra y trigonometría con geometría analítica (Registro nro. 797)

Detalles MARC
000 -LEADER
fixed length control field 01062 a2200241 4500
001 - CONTROL NUMBER
control field 21274
005 - DATE AND TIME OF LATEST TRANSACTION
control field 20260407155504.0
008 - FIXED-LENGTH DATA ELEMENTS--GENERAL INFORMATION
fixed length control field 260407a2002 arg spa d
003 - CONTROL NUMBER IDENTIFIER
control field AR-UNSa-BCEJYS
040 ## - CATALOGING SOURCE
Original cataloging agency AR-UNSa-BCEJYS
Language of cataloging spa
Transcribing agency AR-UNSa-BCEJYS
080 ## - UNIVERSAL DECIMAL CLASSIFICATION NUMBER
Universal Decimal Classification number 512
Common auxiliary subdivision Algebra
020 ## - INTERNATIONAL STANDARD BOOK NUMBER
International Standard Book Number 978-970-686-129-0
041 ## - LANGUAGE CODE
Language code of text/sound track or separate title spa
100 1# - MAIN ENTRY--PERSONAL NAME
Personal name Swokowski, Earl W.
245 10 - TITLE STATEMENT
Title Algebra y trigonometría con geometría analítica
250 ## - EDITION STATEMENT
Edition statement 10a. ed.
264 #1 - PRODUCTION, PUBLICATION, DISTRIBUTION, MANUFACTURE, AND COPYRIGHT NOTICE
Place of production, publication, distribution, manufacture México :
Name of producer, publisher, distributor, manufacturer International Thomson Editores
Date of production, publication, distribution, manufacture, or copyright notice 2002
300 ## - PHYSICAL DESCRIPTION
Extent xvi, 890 p.
Dimensions 25 cm
505 ## - FORMATTED CONTENTS NOTE
Formatted contents note 1. Conceptos fundamentales de álgebra - 2. Ecuaciones y desigualdades - 3. Funciones y gráficas - 4. Funciones polinomiales y racionales - 5. Funciones exponenciales y logarítmicas - 6. Funciones trigonométricas - 7. Trigonometría analítica - 8. Aplicaciones de la trigonometría - 9. Sistemas de ecuaciones y desigualdades - 10. Sucesiones, series y probabilidad - 11. Temas de geometría analítica
590 ## - LOCAL NOTE (RLIN)
Local note niveau_biblio:m niveau_hierar:0
700 1# - ADDED ENTRY--PERSONAL NAME
Personal name Cole, Jeffery A.
942 ## - ADDED ENTRY ELEMENTS (KOHA)
Koha item type
Existencias
Withdrawn status Lost status Damaged status Not for loan Home library Current library Shelving location Date acquired Total checkouts Full call number Barcode Date last seen Price effective from Koha item type
        Biblioteca Prof. Eusebio Cleto del Rey Biblioteca Prof. Eusebio Cleto del Rey   07/04/2026   512 S979 10ed. L86893 07/04/2026 07/04/2026 Libro
        Biblioteca Prof. Eusebio Cleto del Rey Biblioteca Prof. Eusebio Cleto del Rey   07/04/2026   512 S979 10ed. L86894 07/04/2026 07/04/2026 Libro
        Biblioteca Prof. Eusebio Cleto del Rey Biblioteca Prof. Eusebio Cleto del Rey   07/04/2026   512 S979 10ed. L86896 07/04/2026 07/04/2026 Libro
        Biblioteca Prof. Eusebio Cleto del Rey Biblioteca Prof. Eusebio Cleto del Rey   07/04/2026   512 S979 10ed. L86125 07/04/2026 07/04/2026 Libro